| 000 | 00674nam a22001697a 4500 | ||
|---|---|---|---|
| 003 | BD-DhUL | ||
| 005 | 20160829110401.0 | ||
| 008 | 160829s1980 ii ||||| |||| 00| 0 ben d | ||
| 040 |
_aBD-DhUL _cBD-DhUL |
||
| 082 |
_a915.1 _bKAC |
||
| 100 | 1 | _aমুখোপাধ্যায়, কনক। | |
| 245 | 1 |
_aচীন ভ্রমনের ডায়েরী থেকে / _cকনক মুখোপাধ্যায় |
|
| 260 |
_aকলকাতা : _bচিরায়ত প্রকাশন, _c১৯৮০। |
||
| 300 |
_a১২৬ পৃ. ; _c২০ সেমি। |
||
| 651 | 0 |
_aচীন _xভ্রমণ ও বর্ণনা |
|
| 942 |
_2ddc _cBK |
||
| 999 |
_c102170 _d102170 |
||